National parks of Sarawak

Bibliographic Details
Main Author: HAZEBROEK
Other Authors: Abg. Kashim bin Abg. Morshidi, Chung, Wong
Format: Book
Published: Kota Kinabalu, Sabah : Natural History Publications (Borneo) , 2000
Subjects:

MARC

LEADER 00000cam a2200000 7i4500
001 0000001793
005 20011205.0
020 0 0 |a 9838120324 
090 0 0 |a R333.7830959522   |b HAZ 2000 
100 1 0 |a HAZEBROEK   |h Hans P. 
245 1 0 |a National parks of Sarawak   |c Hans P. Hazebroek and Abang Kashim bin Abang Morshidi; edited by K. M. Wong and R. C. K. Chung 
260 0 0 |a Kota Kinabalu, Sabah :   |b Natural History Publications (Borneo) ,   |c 2000 
300 |a v, 502 :   |b col. ill., maps ;   |c 26 cm. 
500 0 0 |a Includes bibliography : p. 462 and index 
650 0 0 |a Conservation of natural resources   |z Sarawak 
650 0 0 |a National parks and reserves   |z Sarawak 
700 0 1 |a Abg. Kashim bin Abg. Morshidi 
700 0 1 |a Chung   |h R. C. K. 
700 0 1 |a Wong   |h K. M. 
998 |a JPSM 
999 |a 0000002838   |b Monograph   |c Reference   |e Default branch